000 00906nam a2200229 i 4500
001 18688
003 ES-MaACL
005 20230906151911.0
007 t|
008 191227s1995 dr |||| | spa d
100 1 _aPeña Gómez, José Francisco.
_9169283
245 1 0 _aHacia la democracia
_b: enero de 1966 - diciembre de 1973 /
_cJosé Francisco Peña Gómez ; investigación, recopilación y edición, Sara Peralta de Rathe.
260 _aSanto Domingo, República Dominicana :
_b[Corripio],
_c1995.
300 _a4 v. (469 p.; 464 p.; 454 p.; 465 p.) ;
_c23 cm.
490 1 _aPensamiento político ;
_v2
600 1 4 _aPeña Gómez, José Francisco.
_9169283
651 4 _aRepública Dominicana-
_xPolítica y gobierno-
_y1961-
_9169284
700 1 _aPeralta de Rathe, Sara.
_9169285
830 0 _aPensamiento político ;
_v2
_9228820
852 _aES-MaACL
_jL-32504-07
999 _c18688
_d18688